The Hobbit - An Unexpected Journey Quotes - Statistics

General Stats
  • This quiz has been taken 308 times
    303 since last reset
  • The average score is 11 of 15
Answer Stats
Hint Answer % Correct
Do you mean to wish me a good ......... or do you mean that it is a good ...... whether I want it or not? Or perhaps you mean to say that you feel good on this particular ........ Or are you simply stating that this is a ....... to be good on? morning
93%
Why don't we have a game of ........ and if I win, you show me the way out of here? riddles
88%
Rumors have begun to spread, The dragon ....... has not been seen in many years, perhaps the vast wealth of our people lies unprotected, perhaps it is time to take back Erebor! smaug
84%
Oh no. No. There's nobody home! Go away, and bother somebody else! There're far to many ........ in my dining room as it is. If this is some cluthead's idea of a joke, I can only say, it is in VERY poor taste! dwarves
83%
You think the ...... will give our quest their blessing? They will try to stop us. elves
82%
He's been lost ever since he left his ........ He should not have come, he has no place among us. home
81%
True courage is about knowing not when to take a life, but when to ...... one. spare
81%
It is raining, Master dwarf, and it will continue to rain until the rain is done. If you wish to change the weather of the world, you should find yourself another ......... wizard
81%
.......... can pass unseen by most if they choose, which gives us a distinct advantage. hobbits
76%
Why Bilbo Baggins? Perhaps it is because I am afraid and he gives me ......... courage
64%
They pillaged the pantry. I'm not even going to tell you what they've done to the ........., they all but destroyed the plumbing. I don't understand; what are they doing in my house? bathroom
61%
Not actually sure it is a sword. More of a ........., really. letter opener
58%
In-in fact, they all have. They're infested with ........., it's a terrible business, I wouldn't risk it, I really wouldn't. parasites
52%
You will have to do without pocket .........., and a great many other things, before we reach our journey's end, Bilbo Baggins. handkerchiefs
46%
I cannot guarantee his safety, Nor will I be responsible for his ........ fate
41%
No matching quizzes found
Score Distribution
Percent of People with Each Score
Percentile by Number Answered
Your Score History
You have not taken this quiz since the last reset